Guess the Taylor Swift Song with No Hints - 21 - Statistics

General Stats
  • This quiz has been taken 53 times
    48 since last reset
  • The average score is 274 of 398
Answer Stats
Answer % Correct
a
100%
And
100%
I
100%
(I)
100%
the
98%
it
93%
it?
93%
me
93%
me)
93%
we
93%
you
93%
You
93%
(you
93%
to
91%
my
88%
My
88%
your
88%
all
86%
do,
86%
in
86%
is
86%
on
86%
that
86%
be
84%
no
84%
was
84%
But
81%
but
81%
for
81%
it's
81%
(it's
81%
(It's
81%
This
81%
this
81%
are
79%
Are
79%
by
79%
did
79%
I'm
79%
Can
77%
can't
77%
(can't)
77%
I've
77%
like
77%
Like
77%
(Like
77%
what
77%
at
74%
don't
74%
(don't)
74%
Now
74%
of
74%
so
74%
have
72%
One
72%
time
70%
night,
67%
been
65%
from
65%
just
65%
down,
63%
down)
63%
dream,
63%
dream)
63%
never
63%
oh
63%
with
63%
would
63%
saw
60%
eyes
58%
out
58%
won
58%
beach
56%
beach?
56%
beach)
56%
tonight
56%
ago
53%
beautiful
53%
comin'
53%
(Comin'
53%
could've
53%
snow
53%
snow,
53%
(Snow
53%
(snow
53%
fuckin'
51%
impossible
51%
make
51%
stars
51%
Weird
51%
around
49%
even
49%
feels
49%
few
49%
might
49%
once
49%
falling
47%
Flying
47%
flying
47%
(flying
47%
moons
47%
pocketful
47%
thing?
47%
'til
47%
'Til
47%
true
47%
wanting
47%
abusive
44%
another
44%
asking
44%
aurora
44%
contest
44%
Life
44%
Passing
44%
planet
44%
searched
44%
seen
44%
someone
44%
stop
44%
thanks
44%
afraid
42%
awful,
42%
borealis
42%
dare
42%
emotionally
42%
fake
42%
flight
42%
Janet
42%
lights
42%
quite
42%
real
42%
scene
42%
screen
42%
dishonest
40%
jinx
40%
periphery
40%
smile
40%
within
40%
fine
37%
green
37%
hid
37%
sound,
37%
speak
37%
fleck
35%
lit
35%
saucers
35%
unbeknownst
35%
unglued,
35%
Blurring
30%
oh, oh oh
9%
No matching quizzes found
Score Distribution
Percent of People with Each Score
Percentile by Number Answered
Your Score History
You have not taken this quiz since the last reset